Estadísticas para Piedras preciosas más conocidas

Haz click aquí para intentar la prueba.

Estadísticas generales

  • Esta prueba ha sido intentada 141 veces
  • La puntuación promedio es 9 de 25

Estadísticas de respuestas

Respuesta% Correcto
Diamante
97%
Rubí
94%
Esmeralda
86%
Zafiro
77%
Amatista
58%
Jade
47%
Perla
47%
Topacio
40%
Cuarzo
39%
Lapislázuli
39%
Ópalo
38%
Aguamarina
36%
Ámbar
34%
Turquesa
32%
Ágata
31%
Ónix
24%
Granate
19%
Turmalina
19%
Malaquita
18%
Obsidiana
15%
Ojo de tigre
13%
Alejandrita
12%
Tanzanita
6%
Citrine
0%
Morganina
0%

Distribución de puntuación

Porcentaje por número respondido

Porcentaje de gente con cada puntuación

Historial de tus puntuaciones

No has intentado esta prueba.